| 000 | 00662nam a2200301Ia 4500 | ||
|---|---|---|---|
| 005 | 20260401122453.0 | ||
| 008 | 008 250103s9999 xx 000 0 eng d | ||
| 020 | _a9788125062400 | ||
| 037 | _aTB | ||
| 040 | _aEDL | ||
| 040 | _beng | ||
| 040 | _cEDL | ||
| 041 | _2eng | ||
| 041 | _aeng | ||
| 084 | _a409.54DEV | ||
| 084 | _qEDL | ||
| 100 |
_aEdited by Devy, G.N _91233727 |
||
| 245 | 4 | _aThe Language of Punjab | |
| 245 | 0 | _cEdited by Devy, G.N | |
| 260 | _aHyderabad | ||
| 260 | _bOrient Blackswan | ||
| 260 | _c2016 | ||
| 300 | _a199p | ||
| 942 | _cTB | ||
| 942 | _h409.54DEV | ||
| 999 |
_c1847499 _d1847499 |
||